[Event "CHN League Men 2019"]
[Site "Daqing CHN"]
[Date "2019.06.21"]
[Round "3.9"]
[Board "2"]
[White "Gong, Sunle"]
[Black "Wan, Minghan"]
[Result "1-0"]
[WhiteElo "1697"]
[BlackElo "1592"]
[WhiteTeam "Qingdao"]
[BlackTeam "Ningbo"]
[WhiteFideId "8620229"]
[BlackFideId "8618577"]
[EventDate "2019.06.19"]
[EventType "team"]

1. d4 Nf6 2. c4 e6 3. Nc3 Bb4 4. Qc2 b6 5. e4 Bb7 6. Bd3 Bxc3+ 7. bxc3 d6 8. Nf3
Nbd7 9. O-O e5 10. h3 O-O 11. Bg5 h6 12. Bh4 Qe8 13. Rae1 Nh5 14. Qd2 c5 15. d5
Bc8 16. Bg3 Qd8 17. Bh2 Qf6 18. Re3 Re8 19. Ne1 Nf8 20. Rf3 Qg5 21. Qxg5 hxg5
22. Nc2 Ng6 23. Rb1 f5 24. exf5 Nh4 25. Re3 Nf4 26. g4 Ba6 27. Bf1 e4 28. Ne1
Kf7 29. Bg3 Kf6 30. Bxh4 gxh4 31. Ng2 Kg5 32. Rbe1 Re5 33. Nxf4 Kxf4 34. Be2
Rae8 35. Rd1 Rg8 36. Kf1 g6 37. fxg6 Rxg6 38. Ke1 Rf6 39. Kd2 Kg5 40. Rf1 Rf4
41. a3 b5 42. cxb5 Rxd5+ 43. Kc2 Bb7 44. f3 Re5 45. fxe4 Rfxe4 46. Rxe4 Bxe4+
47. Bd3 Bg2 48. Rf7 Bxh3 49. Rxa7 Bg2 50. Rg7+ Kf4 51. b6 h3 52. Rf7+ Kg3 53.
Bf1 h2 54. Bxg2 Kxg2 55. Rh7 h1=Q 56. Rxh1 Kxh1 57. a4 Re7 58. a5 Rb7 59. g5 c4
60. g6 Rg7 61. a6 Rxg6 62. b7 Rg2+ 63. Kb1 Rg1+ 64. Ka2 Rg2+ 65. Ka3 1-0

[Event "CHN League Men 2019"]
[Site "Daqing CHN"]
[Date "2019.06.22"]
[Round "4.1"]
[Board "2"]
[White "Li, Di"]
[Black "Li, Chao b"]
[Result "1/2-1/2"]
[WhiteTitle "IM"]
[BlackTitle "GM"]
[WhiteElo "2535"]
[BlackElo "2698"]
[WhiteTeam "Chengdu"]
[BlackTeam "Beijing"]
[WhiteFideId "8607508"]
[BlackFideId "8604436"]
[EventDate "2019.06.19"]
[EventType "team"]

1. d4 Nf6 2. c4 e6 3. Nf3 c5 4. Nc3 d5 5. cxd5 Nxd5 6. e4 Nxc3 7. bxc3 cxd4 8.
cxd4 Bb4+ 9. Bd2 Bxd2+ 10. Qxd2 O-O 11. Bc4 b6 12. O-O Bb7 13. d5 exd5 14. Bxd5
Bxd5 15. exd5 Qd6 16. Rac1 Rd8 17. Rfd1 Na6 18. Rc6 Qxc6 19. dxc6 Rxd2 20. Rxd2
Rc8 21. Rd7 Nb8 22. Rxa7 Nxc6 23. Ra3 Nd4 24. g3 Nxf3+ 25. Rxf3 Rc2 26. Rb3 Rxa2
27. Rxb6 g6 28. h4 h5 29. Kg2 Kg7 30. Rb4 Kg8 1/2-1/2

[Event "CHN League Men 2019"]
[Site "Daqing CHN"]
[Date "2019.06.22"]
[Round "4.2"]
[Board "2"]
[White "Li, Yankai"]
[Black "Wen, Yang"]
[Result "1-0"]
[BlackTitle "GM"]
[WhiteElo "2432"]
[BlackElo "2588"]
[WhiteTeam "Tianjin"]
[BlackTeam "Shandong"]
[WhiteFideId "8609357"]
[BlackFideId "8602956"]
[EventDate "2019.06.19"]
[EventType "team"]

1. d4 Nf6 2. c4 e6 3. g3 d5 4. Bg2 dxc4 5. Nf3 Nc6 6. Qa4 Bb4+ 7. Bd2 Nd5 8.
Bxb4 Nxb4 9. O-O Rb8 10. Na3 O-O 11. Qb5 b6 12. Qxc4 Ba6 13. Nb5 Qe8 14. Rfc1
Nd5 15. Qxc6 Qxc6 16. Rxc6 Bxb5 17. Rc2 Rfc8 18. Rac1 c5 19. dxc5 Nb4 20. Rd2
Nxa2 21. Ra1 Nb4 22. cxb6 axb6 23. h4 Kf8 24. g4 Nc6 25. e3 Na5 26. Nd4 Bd7 27.
b4 Nc4 28. Rdd1 Rc7 29. Rdc1 Rbc8 30. g5 e5 31. Ne2 Be6 32. Rc3 Nb2 33. Rxc7
Rxc7 34. Ra8+ Ke7 35. Rb8 Na4 36. Ng3 Rc4 37. b5 Rxh4 38. Bc6 Rg4 39. Kh2 Rh4+
40. Kg2 Rg4 41. Kf3 Rb4 42. Ne4 f5 43. Re8+ 1-0

[Event "CHN League Men 2019"]
[Site "Daqing CHN"]
[Date "2019.06.22"]
[Round "4.3"]
[Board "1"]
[White "Ma, Qun"]
[Black "Bai, Jinshi"]
[Result "1/2-1/2"]
[WhiteTitle "GM"]
[BlackTitle "GM"]
[WhiteElo "2626"]
[BlackElo "2606"]
[WhiteTeam "Hangzhou"]
[BlackTeam "Shanghai"]
[WhiteFideId "8603154"]
[BlackFideId "8602280"]
[EventDate "2019.06.19"]
[EventType "team"]

1. d4 d5 2. c4 c6 3. Nc3 Nf6 4. e3 g6 5. Nf3 Bg7 6. Be2 O-O 7. O-O dxc4 8. Bxc4
Bg4 9. h3 Bxf3 10. Qxf3 Nbd7 11. a4 e5 12. a5 b5 13. axb6 Nxb6 14. dxe5 Nxc4 15.
exf6 Qxf6 16. Qxf6 Bxf6 17. Ra6 Rfc8 18. Na4 Nb6 19. Nc5 Be7 20. Na4 Bf6 21.
Rxb6 axb6 22. Nxb6 Rcb8 23. Nxa8 Rxa8 24. g4 Rb8 25. Kg2 Bxb2 26. Bxb2 Rxb2 27.
Rc1 Rb6 28. g5 h6 29. h4 hxg5 30. hxg5 Kf8 1/2-1/2

[Event "CHN League Men 2019"]
[Site "Daqing CHN"]
[Date "2019.06.22"]
[Round "4.4"]
[Board "1"]
[White "Lu, Shanglei"]
[Black "Xu, Yinglun"]
[Result "1/2-1/2"]
[WhiteTitle "GM"]
[BlackTitle "GM"]
[WhiteElo "2624"]
[BlackElo "2548"]
[WhiteTeam "Zhejiang"]
[BlackTeam "Guangdong"]
[WhiteFideId "8603332"]
[BlackFideId "8604940"]
[EventDate "2019.06.19"]
[EventType "team"]

1. e4 e6 2. d4 d5 3. Nd2 c5 4. Ngf3 cxd4 5. Nxd4 Nf6 6. exd5 Qxd5 7. Nb5 Qd8 8.
Nc4 Nd5 9. Be2 a6 10. Nc3 Bb4 11. O-O O-O 12. Nxd5 exd5 13. c3 Bxc3 14. bxc3
dxc4 15. Bxc4 Nc6 16. Bd5 Be6 17. Bxe6 fxe6 18. Qb3 Qd5 19. Qxb7 Nd4 20. Qxd5
Ne2+ 21. Kh1 exd5 22. Bd2 Rac8 23. g3 Nxc3 24. Bxc3 Rxc3 25. Rad1 Rc2 26. a3
Rfxf2 27. Rxf2 Rxf2 28. Rxd5 Rf6 29. Kg2 Kf7 30. h4 h6 31. Rd7+ Kg8 32. Rd5 Kf7 1/2-1/2

[Event "CHN League Men 2019"]
[Site "Daqing CHN"]
[Date "2019.06.22"]
[Round "4.4"]
[Board "2"]
[White "Li, Shilong"]
[Black "Xu, Minghui"]
[Result "1/2-1/2"]
[WhiteTitle "GM"]
[WhiteElo "2482"]
[BlackElo "2368"]
[WhiteTeam "Guangdong"]
[BlackTeam "Zhejiang"]
[WhiteFideId "8600678"]
[BlackFideId "8606790"]
[EventDate "2019.06.19"]
[EventType "team"]

1. d4 d5 2. c4 e6 3. Nc3 Nf6 4. cxd5 exd5 5. Bg5 c6 6. e3 Be7 7. Bd3 Nbd7 8.
Nge2 h6 9. Bh4 Nh5 10. Bxe7 Qxe7 11. Qc2 Nb6 12. O-O-O Be6 13. Kb1 O-O-O 14. Nc1
Kb8 15. Nb3 Nf6 16. f3 Rc8 17. Rhe1 Rhd8 18. Qf2 Ka8 19. Bc2 Nfd7 20. e4 dxe4
21. fxe4 Bxb3 22. Bxb3 f6 23. Qf5 Qb4 24. Kc2 Qe7 25. Kb1 c5 26. Be6 cxd4 27.
Nd5 Nxd5 28. exd5 Rc7 29. Bxd7 Qxd7 30. Qf4 Kb8 31. Rxd4 Qd6 32. Qxd6 Rxd6 33.
Re8+ Rc8 34. Re7 Rc7 35. Re8+ Rc8 36. Re7 Rc7 1/2-1/2

[Event "CHN League Men 2019"]
[Site "Daqing CHN"]
[Date "2019.06.22"]
[Round "4.4"]
[Board "3"]
[White "Lan, Zilun"]
[Black "Zhao, Chenxi"]
[Result "1/2-1/2"]
[WhiteElo "2352"]
[BlackElo "2383"]
[WhiteTeam "Zhejiang"]
[BlackTeam "Guangdong"]
[WhiteFideId "8604193"]
[BlackFideId "8611513"]
[EventDate "2019.06.19"]
[EventType "team"]

1. Nf3 Nf6 2. c4 g6 3. b3 Bg7 4. Bb2 O-O 5. g3 d6 6. Bg2 e5 7. O-O c6 8. d3 Re8
9. Nbd2 Nbd7 10. e4 a5 11. Qc2 c5 12. Nb1 Nf8 13. Nc3 Ne6 14. Nd5 Nxd5 15. cxd5
Nc7 16. a3 a4 17. b4 cxb4 18. axb4 Bd7 19. d4 exd4 20. Bxd4 Bxd4 21. Nxd4 Na6
22. Qd2 Rc8 23. Rfe1 Qb6 24. b5 Rc4 25. Nf5 Nc7 26. Nh6+ Kg7 27. Qf4 f6 28. Ng4
Bxg4 29. Qxg4 Re7 30. Qe2 Qc5 31. Bf1 Rc2 32. Qf3 Rc3 33. Qf4 g5 34. Qf5 Nxb5
35. e5 1/2-1/2

[Event "CHN League Men 2019"]
[Site "Daqing CHN"]
[Date "2019.06.22"]
[Round "4.4"]
[Board "4"]
[White "Lin, Peisen"]
[Black "Liu, Yutong"]
[Result "1/2-1/2"]
[WhiteElo "1988"]
[BlackElo "1811"]
[WhiteTeam "Guangdong"]
[BlackTeam "Zhejiang"]
[WhiteFideId "8611505"]
[BlackFideId "8610487"]
[EventDate "2019.06.19"]
[EventType "team"]

1. e4 c5 2. Nf3 d6 3. d4 cxd4 4. Nxd4 Nf6 5. Nc3 Nc6 6. g3 Bg4 7. Nxc6 bxc6 8.
Qd3 g6 9. Bg2 Bg7 10. O-O O-O 11. b3 Qc7 12. Bb2 Nd7 13. h3 Be6 14. Nd1 Bxb2 15.
Nxb2 Qb6 16. Na4 Qa5 17. Qe3 Qh5 18. g4 Qa5 19. Rad1 Rac8 20. f4 f6 21. Nc3 Bf7
22. a4 Rfe8 23. Rf2 Rc7 24. Rfd2 Rb8 25. Bf1 Rb4 26. Na2 Qb6 27. Qxb6 Rxb6 28.
Nc3 a5 29. Kf2 Rb4 30. Ke3 Kf8 1/2-1/2

[Event "CHN League Men 2019"]
[Site "Daqing CHN"]
[Date "2019.06.22"]
[Round "4.5"]
[Board "2"]
[White "Lin, Chen"]
[Black "Bao, Qilin"]
[Result "1/2-1/2"]
[WhiteTitle "GM"]
[BlackTitle "IM"]
[WhiteElo "2497"]
[BlackElo "2412"]
[WhiteTeam "Jiangsu"]
[BlackTeam "Heilongjiang"]
[WhiteFideId "8602298"]
[BlackFideId "8605750"]
[EventDate "2019.06.19"]
[EventType "team"]

1. e4 c6 2. d4 d5 3. exd5 cxd5 4. Bd3 Nc6 5. c3 Nf6 6. Bf4 g6 7. Nf3 Bf5 8. O-O
Bg7 9. Re1 Bxd3 10. Qxd3 O-O 11. Nbd2 Rc8 12. Qb5 Qd7 13. a4 Rfe8 14. h3 e6 15.
Nb3 Ne4 16. Ng5 Nxg5 17. Bxg5 Qc7 18. Qd3 Na5 19. Nxa5 Qxa5 20. Qb5 Qc7 21. Qd3
Qa5 22. Qb5 Qc7 23. Qd3 Qa5 24. Qb5 1/2-1/2

[Event "CHN League Men 2019"]
[Site "Daqing CHN"]
[Date "2019.06.22"]
[Round "4.5"]
[Board "4"]
[White "Chen, Qi b"]
[Black "Hou, Yifan b"]
[Result "0-1"]
[WhiteTitle "IM"]
[WhiteElo "2453"]
[BlackElo "1932"]
[WhiteTeam "Jiangsu"]
[BlackTeam "Heilongjiang"]
[WhiteFideId "8614733"]
[BlackFideId "8619492"]
[EventDate "2019.06.19"]
[EventType "team"]

1. e4 c5 2. Nf3 Nc6 3. Nc3 g6 4. d4 cxd4 5. Nxd4 Bg7 6. Be3 Nf6 7. Bc4 d6 8. f3
O-O 9. Bb3 Nxd4 10. Bxd4 Be6 11. Qd2 a6 12. g4 Nd7 13. Bxg7 Kxg7 14. O-O-O Qa5
15. Kb1 Ne5 16. Qe2 Rac8 17. Nd5 Bxd5 18. exd5 Qb4 19. c3 Qf4 20. Rhf1 f5 21.
Rd4 Qg5 22. h4 Qxh4 23. gxf5 Qh5 24. Qg2 Rxf5 25. f4 Qg4 26. Qh1 Rh5 27. Qe4 Qf5
28. Re1 Nf3 29. Qxf5 Rxf5 30. Rxe7+ Kf8 31. Rxh7 Kg8 32. Rxb7 Nxd4 33. cxd4 Rxf4
34. a4 a5 35. Rb6 Rf6 36. Rc6 Rb8 37. Bd1 Rf1 38. Kc2 Rd8 39. Bg4 Rf4 40. Be6+
Kg7 41. Kd3 g5 42. Ke3 Rb8 43. Rxd6 Rb3+ 44. Ke2 Rh4 45. Bf5 Rh2+ 46. Kd1 Rf3 0-1

[Event "CHN League Men 2019"]
[Site "Daqing CHN"]
[Date "2019.06.22"]
[Round "4.6"]
[Board "1"]
[White "Xie, Jianjun"]
[Black "Zhang, Ziji"]
[Result "1/2-1/2"]
[WhiteTitle "FM"]
[WhiteElo "2427"]
[BlackElo "2408"]
[WhiteTeam "Hunan"]
[BlackTeam "Hebei"]
[WhiteFideId "8600953"]
[BlackFideId "8609470"]
[EventDate "2019.06.19"]
[EventType "team"]

1. e4 e5 2. Nf3 Nc6 3. Bb5 a6 4. Ba4 Nge7 5. c3 g6 6. d4 exd4 7. cxd4 b5 8. Bb3
Bg7 9. O-O O-O 10. Nc3 d6 11. Nd5 h6 12. Nxe7+ Nxe7 13. Be3 Bb7 14. d5 c6 15.
Bd4 cxd5 16. Bxg7 Kxg7 17. exd5 Rc8 18. Qd4+ Kh7 19. Rac1 Nf5 20. Qf4 Qd7 21.
Nd2 Ne7 22. Rxc8 Bxc8 23. Rc1 Bb7 24. Ne4 Qf5 25. Qxf5 Nxf5 26. g4 Nd4 27. Rc7
Ba8 28. Ra7 Kg7 29. Rxa6 Nxb3 30. axb3 Bxd5 31. Nxd6 Bxb3 32. Nxb5 Rb8 33. Nd6
Be6 1/2-1/2

[Event "CHN League Men 2019"]
[Site "Daqing CHN"]
[Date "2019.06.22"]
[Round "4.6"]
[Board "2"]
[White "Peng, Hongchi"]
[Black "Shen, Siyuan"]
[Result "1-0"]
[BlackTitle "IM"]
[WhiteElo "2370"]
[BlackElo "2334"]
[WhiteTeam "Hebei"]
[BlackTeam "Hunan"]
[WhiteFideId "8609047"]
[BlackFideId "8602832"]
[EventDate "2019.06.19"]
[EventType "team"]

1. e4 d5 2. exd5 Nf6 3. d4 Nxd5 4. Nf3 Bg4 5. Be2 e6 6. O-O Nc6 7. h3 Bh5 8. b3
Bd6 9. Bb5 O-O 10. Bxc6 bxc6 11. c4 Bxf3 12. Qxf3 Nb4 13. Qe4 c5 14. a3 Na6 15.
Qc6 Qc8 16. Be3 cxd4 17. Bxd4 Rb8 18. b4 Qb7 19. Qxb7 Rxb7 20. c5 Be7 21. c6 Rb5
22. Nc3 Rf5 23. Bxa7 Bf6 24. Rac1 Ra8 25. Be3 Nb8 26. g4 Re5 27. Bf4 Nxc6 28.
Bxe5 Nxe5 29. Nb1 Nf3+ 30. Kg2 Nh4+ 31. Kg3 g5 32. f4 gxf4+ 33. Kxf4 Bb2 34.
Rxc7 Rd8 35. Ke3 f5 36. a4 f4+ 37. Ke2 f3+ 38. Ke3 Bf6 39. b5 Bd4+ 40. Ke4 Bb6
41. Rc4 f2 42. a5 Bxa5 43. Rxf2 1-0

[Event "CHN League Men 2019"]
[Site "Daqing CHN"]
[Date "2019.06.22"]
[Round "4.6"]
[Board "3"]
[White "Li, Bo"]
[Black "Yang, Yanqing"]
[Result "1-0"]
[WhiteTitle "IM"]
[WhiteElo "2330"]
[BlackElo "1910"]
[WhiteTeam "Hunan"]
[BlackTeam "Hebei"]
[WhiteFideId "8602786"]
[BlackFideId "8613575"]
[EventDate "2019.06.19"]
[EventType "team"]

1. d4 d5 2. c4 e6 3. Nc3 Nf6 4. Bg5 c6 5. e3 Nbd7 6. cxd5 exd5 7. Bd3 Be7 8.
Nge2 O-O 9. Qc2 Re8 10. O-O Nf8 11. f3 c5 12. Rad1 c4 13. Bf5 Be6 14. Nf4 Qd7
15. Nxe6 fxe6 16. Bh3 Nh5 17. Bxe7 Qxe7 18. g3 a6 19. e4 Qf7 20. e5 b5 21. f4 g6
22. Ne2 Ng7 23. g4 Qe7 24. f5 exf5 25. gxf5 gxf5 26. Bxf5 Qg5+ 27. Kh1 Kh8 28.
Rf3 Nxf5 29. Rxf5 Qe3 30. Nc3 Rad8 31. Qg2 Ne6 32. Nxd5 Qh6 33. Nf6 Re7 34. Rh5
Qe3 35. Rg1 1-0

[Event "CHN League Men 2019"]
[Site "Daqing CHN"]
[Date "2019.06.22"]
[Round "4.7"]
[Board "1"]
[White "Liu, Yan"]
[Black "Liu, Zexu"]
[Result "1-0"]
[WhiteTitle "GM"]
[WhiteElo "2504"]
[BlackElo "2121"]
[WhiteTeam "Chongqing"]
[BlackTeam "Wuxi"]
[WhiteFideId "8608962"]
[BlackFideId "8605963"]
[EventDate "2019.06.19"]
[EventType "team"]

1. Nf3 Nf6 2. g3 d5 3. Bg2 Bg4 4. c4 e6 5. Ne5 Bf5 6. Qb3 Nc6 7. Nxc6 bxc6 8.
Qb7 Rb8 9. Qxc6+ Qd7 10. Qxd7+ Kxd7 11. cxd5 exd5 12. b3 Bb4 13. Bb2 c6 14. e3
Bd3 15. Bf1 Be4 16. Bh3+ Kd6 17. O-O h5 18. a3 Ba5 19. b4 Bb6 20. Bxf6 gxf6 21.
d4 a5 22. Nc3 Bg6 23. Rfc1 h4 24. Bg2 hxg3 25. hxg3 Bd3 26. Rd1 Bc2 27. Rd2 Bf5
28. b5 Bd7 29. Rb1 a4 30. bxc6 Bxc6 31. Rdb2 Bc7 32. Nb5+ Kd7 33. Bf3 Bd8 34.
Bg4+ Ke7 35. Na7 Rxb2 36. Rxb2 Kd6 37. Rb8 Rf8 38. Kg2 Bd7 39. Bxd7 Kxd7 40.
Rb7+ Kd6 41. Rb4 Kc7 42. Rb5 Be7 43. Rxd5 Bxa3 44. Ra5 Kb6 45. Rxa4 Bd6 46. Kf3
f5 47. Ra1 Bb8 48. Ra2 Re8 49. Rb2+ Kxa7 50. Rb5 f4 51. gxf4 Ka6 52. Rf5 Re7 53.
Rh5 Kb6 54. Kg4 Bc7 55. Kf5 Bd8 56. e4 Rd7 57. d5 Kc5 58. Rh6 Bc7 59. Rc6+ Kd4
60. Ra6 Bb8 61. Ra8 Rb7 62. Ra4+ Kc5 63. Ra5+ Kb4 64. Ra1 Kc5 65. Rc1+ Kd4 66.
Rd1+ Kc5 67. e5 Bc7 68. d6 Bd8 69. Rc1+ Kd5 70. Rh1 Rd7 71. Ra1 Bb6 72. f3 Bd8
73. Rh1 Rb7 74. Rd1+ Kc6 75. Rc1+ Kd7 76. Rd1 Rb3 77. Rh1 Rxf3 78. Rh7 Ke8 79.
Rh8+ Kd7 80. Rf8 Bb6 81. Rxf7+ Ke8 82. Ke6 1-0

[Event "CHN League Men 2019"]
[Site "Daqing CHN"]
[Date "2019.06.22"]
[Round "4.7"]
[Board "2"]
[White "Chen, KaiLin"]
[Black "Wang, Chen"]
[Result "0-1"]
[BlackTitle "IM"]
[WhiteElo "2073"]
[BlackElo "2468"]
[WhiteTeam "Wuxi"]
[BlackTeam "Chongqing"]
[WhiteFideId "8620954"]
[BlackFideId "8601020"]
[EventDate "2019.06.19"]
[EventType "team"]

1. e4 Nf6 2. e5 Nd5 3. d4 d6 4. c4 Nb6 5. exd6 cxd6 6. Nc3 g6 7. Be3 Bg7 8. Rc1
O-O 9. b3 Nc6 10. Nf3 Bg4 11. Be2 d5 12. c5 Nc8 13. O-O e6 14. h3 Bxf3 15. Bxf3
N8e7 16. g3 Nf5 17. Ne2 Qf6 18. Kg2 Rfc8 19. Rc2 Nfxd4 20. Bxd4 Nxd4 21. Nxd4
Qxd4 22. Qxd4 Bxd4 23. Rfc1 a5 24. Be2 Kf8 25. Bb5 Rc7 26. c6 Rb8 27. cxb7 Rxc2
28. Rxc2 Rxb7 29. Rc8+ Ke7 30. a4 Be5 31. Kf3 Rc7 32. Rxc7+ Bxc7 33. Ke2 e5 34.
g4 f5 35. gxf5 gxf5 36. Bc6 Ke6 37. f3 e4 38. Bb7 Ke5 39. Bc8 Bd6 40. Bb7 Bc5
41. Bc6 d4 42. Bb5 d3+ 43. Kf1 Kd4 44. Bd7 e3 0-1

[Event "CHN League Men 2019"]
[Site "Daqing CHN"]
[Date "2019.06.22"]
[Round "4.8"]
[Board "1"]
[White "Lin, Haoyang"]
[Black "Fang, Yuxiang"]
[Result "0-1"]
[BlackTitle "GM"]
[WhiteElo "1713"]
[BlackElo "2463"]
[WhiteTeam "Qingdao"]
[BlackTeam "Shanxi"]
[WhiteFideId "8625921"]
[BlackFideId "8605840"]
[EventDate "2019.06.19"]
[EventType "team"]

1. e4 Nf6 2. e5 Nd5 3. d4 d6 4. c4 Nb6 5. f4 dxe5 6. fxe5 Nc6 7. Be3 Bf5 8. Nc3
e6 9. Be2 Be7 10. Nf3 O-O 11. O-O f6 12. Rc1 fxe5 13. dxe5 Nd7 14. Qb3 Nc5 15.
Bxc5 Bxc5+ 16. Kh1 Nd4 17. Nxd4 Qxd4 18. Qxb7 Qxe5 19. Qc6 Rab8 20. Nb5 Be4 21.
Qxc7 Bxg2+ 22. Kxg2 Qxe2+ 23. Kh3 Rxf1 24. Qxb8+ Rf8 25. Qc7 Qh5+ 26. Kg3 Rf3+
27. Kg2 Qh3+ 0-1

[Event "CHN League Men 2019"]
[Site "Daqing CHN"]
[Date "2019.06.22"]
[Round "4.8"]
[Board "2"]
[White "Zhou, Yibo"]
[Black "Gong, Sunle"]
[Result "1/2-1/2"]
[WhiteElo "1934"]
[BlackElo "1697"]
[WhiteTeam "Shanxi"]
[BlackTeam "Qingdao"]
[WhiteFideId "8610967"]
[BlackFideId "8620229"]
[EventDate "2019.06.19"]
[EventType "team"]

1. d4 d5 2. c4 e6 3. Nf3 Nf6 4. g3 Bb4+ 5. Bd2 Be7 6. Bg2 O-O 7. O-O c6 8. b3 b6
9. Bc3 Bb7 10. Bb2 Nbd7 11. Nc3 Rc8 12. Rc1 Rc7 13. Nd2 c5 14. cxd5 cxd4 15. Nb5
Rxc1 16. Qxc1 Bxd5 17. Nxd4 Bxg2 18. Kxg2 Qa8+ 19. Qc6 Qxc6+ 20. Nxc6 Bc5 21. b4
Bd6 22. Nc4 Rc8 23. b5 Bc5 24. Rd1 h6 25. a4 Kh7 26. e4 Nb8 27. Nxb8 Rxb8 28.
Bxf6 gxf6 29. Rd7 Kg6 30. Rxa7 Rd8 31. Rb7 Rd4 32. Nxb6 Bxb6 33. Rxb6 Rxa4 34.
Kf3 f5 35. exf5+ Kxf5 36. Rd6 Rb4 37. b6 f6 38. Rc6 Rb5 39. h4 h5 40. Ke3 Ke5
41. b7 Rb3+ 42. Ke2 Rxb7 43. Rc5+ Ke4 44. Rxh5 Rb2+ 45. Ke1 Kf3 46. Rh6 Rb1+ 47.
Kd2 Kxf2 48. Rxf6+ Kxg3 1/2-1/2

[Event "CHN League Men 2019"]
[Site "Daqing CHN"]
[Date "2019.06.22"]
[Round "4.8"]
[Board "3"]
[White "Qu, Hongxuan"]
[Black "Li, Deyang"]
[Result "1/2-1/2"]
[WhiteElo "1523"]
[BlackElo "1697"]
[WhiteTeam "Qingdao"]
[BlackTeam "Shanxi"]
[WhiteFideId "8620377"]
[BlackFideId "8622272"]
[EventDate "2019.06.19"]
[EventType "team"]

1. d4 d5 2. c4 c6 3. Nc3 Nf6 4. e3 g6 5. Nf3 Bg7 6. Bd3 O-O 7. h3 b6 8. b3 Bb7
9. cxd5 cxd5 10. Ba3 Nc6 11. O-O Rc8 12. Rc1 Re8 13. Re1 e5 14. dxe5 Nxe5 15.
Bb5 Nxf3+ 16. Qxf3 Re5 17. Qf4 Nh5 18. Qb4 a5 19. Qd6 Qxd6 20. Bxd6 Re6 21. Bd7
Rxd6 22. Bxc8 Bxc8 23. Nxd5 Rxd5 24. Rxc8+ Bf8 25. Rb8 b5 26. Rc1 Kg7 27. Rb7
Nf6 28. Kf1 Bd6 29. Rc6 Ne4 30. Rd7 Rd2 31. f3 Rd1+ 32. Ke2 Rd2+ 33. Kf1 Rd1+
34. Ke2 1/2-1/2

[Event "CHN League Men 2019"]
[Site "Daqing CHN"]
[Date "2019.06.22"]
[Round "4.9"]
[Board "1"]
[White "Song, Yuchen"]
[Black "Wu, Wenda"]
[Result "1/2-1/2"]
[WhiteElo "1512"]
[BlackElo "1735"]
[WhiteTeam "Harbin"]
[BlackTeam "Ningbo"]
[WhiteFideId "8630364"]
[BlackFideId "8618615"]
[EventDate "2019.06.19"]
[EventType "team"]

1. e4 c6 2. d4 d5 3. exd5 cxd5 4. Bd3 Nc6 5. Nf3 Bg4 6. c3 Nf6 7. Bf4 e6 8. Nbd2
Bd6 9. Bxd6 Qxd6 10. O-O O-O 11. Qb3 Qc7 12. Rfe1 Bh5 13. Ne5 Nxe5 14. Rxe5 Bg6
15. Bxg6 hxg6 16. Qd1 b5 17. Qe2 Rab8 18. Nb3 Nd7 19. Re3 a5 20. Rc1 Rfc8 21.
Qg4 Qb6 22. Rh3 b4 23. Qh4 f6 24. Nc5 Nxc5 25. dxc5 Qxc5 26. Qh7+ Kf7 27. Rh6 g5
28. Qg6+ Kg8 29. Qh7+ Kf7 30. Qg6+ Kg8 31. Qh7+ 1/2-1/2

[Event "CHN League Men 2019"]
[Site "Daqing CHN"]
[Date "2019.06.22"]
[Round "4.9"]
[Board "2"]
[White "Wan, Minghan"]
[Black "Chen, Junyu"]
[Result "1-0"]
[WhiteElo "1592"]
[BlackElo "1232"]
[WhiteTeam "Ningbo"]
[BlackTeam "Harbin"]
[WhiteFideId "8618577"]
[BlackFideId "8631042"]
[EventDate "2019.06.19"]
[EventType "team"]

1. Nf3 c5 2. c4 Nc6 3. g3 e5 4. d3 d6 5. Bg2 Nf6 6. Nc3 Be7 7. O-O O-O 8. Rb1
Rb8 9. a3 h6 10. b4 b6 11. e3 Qc7 12. Nd5 Nxd5 13. cxd5 Nd8 14. bxc5 dxc5 15.
Qb3 Kh8 16. Bb2 f5 17. Ba1 Nf7 18. Rfc1 f4 19. gxf4 exf4 20. e4 Ng5 21. e5 Nxf3+
22. Bxf3 Bh4 23. e6 Qe7 24. Rc2 Rf5 25. Kh1 Bb7 26. Be4 Rg5 27. f3 Ba6 28. Qa4
Bc8 29. Rg1 a6 30. Rxg5 Bxg5 31. Be5 Ra8 32. Rb2 b5 33. Rxb5 Bb7 34. Rb6 Bc8 35.
Qc6 Qd8 36. e7 Bxe7 37. Qxh6+ Kg8 38. Qxg7# 1-0

[Event "CHN League Men 2019"]
[Site "Daqing CHN"]
[Date "2019.06.23"]
[Round "5.1"]
[Board "2"]
[White "Li, Chao b"]
[Black "Li, Yankai"]
[Result "1-0"]
[WhiteTitle "GM"]
[WhiteElo "2698"]
[BlackElo "2432"]
[WhiteTeam "Beijing"]
[BlackTeam "Tianjin"]
[WhiteFideId "8604436"]
[BlackFideId "8609357"]
[EventDate "2019.06.19"]
[EventType "team"]

1. d4 Nf6 2. c4 e6 3. Nc3 Bb4 4. e3 O-O 5. Ne2 d5 6. a3 Be7 7. cxd5 exd5 8. Nf4
c6 9. Bd3 Re8 10. O-O Bd6 11. f3 Bxf4 12. exf4 b6 13. f5 Ba6 14. g4 Bxd3 15.
Qxd3 Qd6 16. Kg2 a5 17. Bg5 Na6 18. Bh4 c5 19. Rae1 c4 20. Qd2 Nd7 21. Rxe8+
Rxe8 22. Re1 Rc8 23. Nb5 Qb8 24. Bg3 Qa8 25. Re7 Re8 26. Rxd7 Qc6 27. Rd6 Qxb5
28. f6 gxf6 29. Rxf6 Re6 30. Qg5+ Kf8 31. Rxe6 fxe6 32. Bd6+ Kf7 33. Qe7+ Kg6
34. Be5 Qxb2+ 35. Kg3 1-0

[Event "CHN League Men 2019"]
[Site "Daqing CHN"]
[Date "2019.06.23"]
[Round "5.2"]
[Board "1"]
[White "Xu, Xiangyu"]
[Black "Ma, Qun"]
[Result "1/2-1/2"]
[WhiteTitle "GM"]
[BlackTitle "GM"]
[WhiteElo "2583"]
[BlackElo "2626"]
[WhiteTeam "Chengdu"]
[BlackTeam "Hangzhou"]
[WhiteFideId "8608288"]
[BlackFideId "8603154"]
[EventDate "2019.06.19"]
[EventType "team"]

1. e4 e5 2. Nf3 Nc6 3. Bb5 Nf6 4. O-O Nxe4 5. Re1 Nd6 6. Nxe5 Be7 7. Bd3 O-O 8.
Nc3 Nxe5 9. Rxe5 Bf6 10. Re3 Bd4 11. Bxh7+ Kxh7 12. Qh5+ Kg8 13. Rh3 f5 14. Nd5
Ne8 15. d3 Nf6 16. Nxf6+ Bxf6 17. Bf4 Qe8 18. Qh7+ Kf7 19. Qh5+ Kg8 20. Qh7+ Kf7
21. Qh5+ Kg8 22. Qh7+ 1/2-1/2

[Event "CHN League Men 2019"]
[Site "Daqing CHN"]
[Date "2019.06.23"]
[Round "5.2"]
[Board "4"]
[White "Lin, Yi"]
[Black "Zhao, Yuanhe"]
[Result "1/2-1/2"]
[WhiteElo "2396"]
[BlackElo "2444"]
[WhiteTeam "Hangzhou"]
[BlackTeam "Chengdu"]
[WhiteFideId "8609659"]
[BlackFideId "8609497"]
[EventDate "2019.06.19"]
[EventType "team"]

1. d4 Nf6 2. c4 g6 3. Nc3 d5 4. Bf4 Bg7 5. e3 c5 6. dxc5 Qa5 7. Rc1 dxc4 8. Bxc4
O-O 9. Nf3 Qxc5 10. Bb3 Nc6 11. O-O Qa5 12. h3 Bf5 13. Qe2 Ne4 14. Nd5 e5 15.
Bh2 Be6 16. Rfd1 Rfd8 17. Qc4 Nf6 18. e4 Rac8 19. Ng5 Nd4 20. Ne7+ Kf8 21. Nxe6+
Kxe7 22. Nxd8 Rxc4 23. Bxc4 Nxe4 24. Nxf7 Qb6 25. Nxe5 Bxe5 26. Bxe5 Nf3+ 27.
gxf3 Qxf2+ 28. Kh1 Qxf3+ 29. Kg1 Qf2+ 30. Kh1 1/2-1/2